000 00384nam a22001457a 4500
020 _a978-0-13-702915-0
082 _a658.4012
100 _aWheelen, Thomas L.
245 _aStrategic Management and Business Policy:
_bAchiving Sustainability
250 _a12th
260 _aNew Jersey:
_bPearson,
_c2019
300 _a979p.: ill.; 25cm
700 _aHunger, J. David
942 _cBK
999 _c22228
_d22228